| 000 | 00676nam a22001817a 4500 | ||
|---|---|---|---|
| 005 | 20251029103114.0 | ||
| 008 | 251016b |||||||| |||| 00| 0 eng d | ||
| 020 | _a9786214092987 | ||
| 082 | _aDFil 920 Ec72 2025 | ||
| 100 |
_aEcoben, Wenceslao Beterbo. _916816 |
||
| 245 |
_aI am Jose Rizal : _bFilipino social influencer / _cWenceslao Beterbo Ecoben and Favio Cagampang Jamero. |
||
| 260 |
_aMandaluyong City : _bBooks Atbp. Publishing Corp., _c©2025. |
||
| 300 |
_avi, 257 pages : _billustrations ; _c21 cm. |
||
| 500 | _aIncludes references. | ||
| 650 | 0 |
_aRizal, Jose P., -- 1861-1896. _969043 |
|
| 700 |
_aJamero, Favio Cagampang. _968868 _eauthor. |
||
| 942 |
_2ddc _cDFIL |
||
| 999 |
_c24068 _d24068 |
||